00788nam a2200241 a 450000100100000000500170001000800410002702000150006804000250008308200180010810000430012624500350016926000640020430000200026849000200028865000260030865000300033483000270036491000070039104900090039895201220040799900170052900002445920200930023202.0110127s1994 uy 000 f spa d a9974360285 aDO-SdBNPbspacBNPHU aU863.44bO58p1 aOnetti, Juan Carlos,d1909-199492387713aEl pozo /cJuan Carlos Onetti. aMontevideo, Uruguay :bInstituto Nacional del Libro,c1994. a76 p. ;c23 cm.1 aBrazo cortov11 4aNovela uruguaya95679 4aLiteratura uruguaya93054 0aBrazo corto,v1198973 aWM aBNGR 001054708MOaGRbGRcHDd2011-01-27iLF1l0oU863.44 O58pp24459-10r2020-06-25w2020-06-25y4ZPréstamo en sala c23952d23952